[Event "IND-ch U15 47th"]
[Site "New Delhi"]
[Date "2022.11.30"]
[Round "4"]
[White "Kartik, Jitendra Tetwar"]
[Black "Daaevik, Wadhawan"]
[Result "0-1"]
[WhiteElo "1450"]
[BlackElo "1780"]
[PlyCount "204"]
[EventDate "2022.11.28"]
[EventType "swiss"]
[EventRounds "11"]
[EventCountry "IND"]
[SourceTitle "CBM 211 Extra"]
[Source "ChessBase"]
[SourceDate "2023.01.31"]
[SourceVersion "1"]
[SourceVersionDate "2023.01.31"]
[SourceQuality "1"]

1. e4 c5 2. c3 Nf6 3. e5 Nd5 4. d4 cxd4 5. cxd4 d6 6. Nf3 Nc6 7. exd6 Qxd6 8. Nc3 Bf5 9. Bd3 Bxd3 10. Qxd3 e6 11. 0-0 Be7 12. Qb5 Nc7 13. Qb3 0-0 14. Rd1 Rfd8 15. g3 Nd5 16. Bg5 Bxg5 17. Nxg5 Qe7 18. Nf3 h6 19. Kg2 Rac8 20. Rac1 Rc7 21. Ne5 Nxc3 22. Nxc6 Rxc6 23. bxc3 Rcd6 24. Kg1 Qd7 25. Re1 b5 26. Re5 a6 27. Rc5 Rc6 28. c4 Rxc5 29. dxc5 Qd2 30. Qc3 b4 31. Qxd2 Rxd2 32. c6 Rd6 33. Rb1 a5 34. a3 bxa3 35. Ra1 Rxc6 36. Rxa3 Rc5 37. f4 g5 38. fxg5 hxg5 39. Kf2 g4 40. Ke3 Rxc4 41. Rxa5 Kh7 42. Rh5+ Kg6 43. Rh8 e5 44. h3 Rc3+ 45. Kf2 gxh3 46. Rxh3 f5 47. Rh8 Kf6 48. Rg8 Ra3 49. Rh8 Ke6 50. Rb8 Ra2+ 51. Ke3 Ra3+ 52. Kf2 Ra4 53. Ke3 Rg4 54. Kf2 Rc4 55. Ke3 Rc3+ 56. Kf2 Kd5 57. Ra8 Kd4 58. Rd8+ Ke4 59. Rd2 Rf3+ 60. Kg2 Ra3 61. Kf2 Rf3+ 62. Kg2 Rd3 63. Re2+ Re3 64. Rf2 Rd3 65. Re2+ Re3 66. Rf2 Re1 67. Ra2 Rd1 68. Kf2 Rd3 69. Ra4+ Rd4 70. Ra2 Rc4 71. Rd2 Rc3 72. Re2+ Kd4 73. Rd2+ Rd3 74. Rc2 e4 75. Ra2 Rf3+ 76. Kg2 Rc3 77. Ra5 Rc2+ 78. Kf1 Rc5 79. Ra4+ Kd3 80. Ra3+ Rc3 81. Ra5 e3 82. Rd5+ Ke4 83. Ra5 Rc2 84. Rb5 Rf2+ 85. Kg1 Rf3 86. Kg2 Rf2+ 87. Kg1 Rd2 88. Kf1 Rd5 89. Rb3 Kf3 90. Ke1 Ra5 91. Rb1 Ra2 92. Kd1 Kf2 93. Kc1 e2 94. Rb2 Rxb2 95. Kxb2 e1Q 96. Kc2 Kxg3 97. Kd3 f4 98. Kc2 f3 99. Kd3 f2 100. Kc2 f1Q 101. Kb2 Qb4+ 102. Kc2 Qfb1# 0-1